| 000 | 00665nam a22002057a 4500 | ||
|---|---|---|---|
| 999 |
_c10430 _d10430 |
||
| 003 | AR-CdUCM | ||
| 008 | 190401b ||||| |||| 00| 0 spa d | ||
| 040 |
_aMUNICIPALIDAD PROVINCIAL DEL CUSCO _cBIBLIOTECA MUNICIPAL DEL CUSCO |
||
| 082 |
_a345.73 / _bN89 / 1963 |
||
| 100 |
_aNugent, Ricardo _927282 |
||
| 245 |
_aLey orgánica del Poder Judicial : _bDecreto-Ley N° 14605 / |
||
| 260 |
_aLima : _bMinerva, _c1963. |
||
| 300 |
_a79 páginas ; _c19 cm. |
||
| 505 | _aContenido: Decreto - ley N° 14605. | ||
| 650 |
_aPoder judicial _96955 |
||
| 650 |
_aLegislación _92962 |
||
| 710 |
_aColegio de abogados de Lima _927283 |
||
| 942 |
_2ddc _cLIBROS |
||
| 945 | _aacv | ||